00299cam a22000977a 4500008003600000082001500036245009200051260002200143300001100165700002500176180718b xxu||||| |||| 00| 0 eng d aZ4706x54 A aAgricultural labour in India: a compedium of basic facts, 1968cby Labour Bureau, India abLabour Bureauc a254+p. aIndia. Labour Bureau